000 00497nam a22001817a 4500
003 MPLRDC
005 20220104191822.0
008 210129b ||||| |||| 00| 0 eng d
020 _a978-957-32-7007-2
082 _a874.57 RIO-3 v.2
100 _aRICK RIORDAN
245 _a混血营英雄 2
_c蔡青恩 译
250 _a初版二刷
260 _a台湾
_b远流出版事业股份有限公司
_c2012
300 _b
650 _a美国文学--长篇小说
942 _cBK
_o874.57 RIO-3 v.2
999 _c64426
_d64416